Political Development in Pakistan (Record no. 70)

MARC details
000 -LEADER
fixed length control field 00394nam a2200157 a 4500
082 00 - DEWEY DECIMAL CLASSIFICATION NUMBER
Classification number 954.91
Author Cutter VOR
100 ## - MAIN ENTRY--AUTHOR NAME
Author name Vorys, Karl Von
245 ## - TITLE STATEMENT
Title Political Development in Pakistan
260 ## - PUBLICATION, DISTRIBUTION, ETC. (IMPRINT)
Place of publication Princeton
Name of publisher Princeton University Press
Year of publication 1965
300 ## - PHYSICAL DESCRIPTION
Number of Pages 341p
500 ## - GENERAL NOTE
General note includes index and biblioraphy
505 2# - FORMATTED CONTENTS NOTE
Formatted contents note Index
650 ## - SUBJECT ADDED ENTRY--TOPICAL TERM
Topical Term Pakistan-History
942 ## - ADDED ENTRY ELEMENTS (KOHA)
Koha item type Books
700 1# -
-- Vorys, Karl Von
Holdings
Collection code Home library Current library Date acquired Cost, normal purchase price Full call number Accession Number Koha item type
  Henry Martyn Institute Library Henry Martyn Institute Library 05/24/2005 0.00 954.91 VOR 03617 Books
                   Copyright © 2026 | Henry Martyn Institute | Hyderabad | TS-500052 | INDIA | Implemented by hmi.edu.in
Hit-Count:

Powered by Koha